000 00193nam a2200085Ia 4500
008 120527s9999 xx 000 0 und d
100 _aMcEarchern, et al
245 _aMicro economics
942 _cBK
999 _c27227
_d27227